000 01506cam a22004217a 4500
003 CHAP
005 20220817042914.0
008 990805s1995 it a r 00010 spa d
010 _a59509
011 _a60481
035 _a64643
040 _cCHAP
082 _a639.309688
_bF3Y v.1
110 _aFAO
245 0 _aPacífico centro-oriental
_c/por W. Fischer [y otros]
260 _aRoma :
_bFAO,
_c1995-
300 _av.
410 _aFAO
490 0 _aGuía para la identificación de especies para los fines de la pesca
_v; 1
505 _aContenido : Pte.1 Plantas e invertebrados -- Pte.2-3 Vertebrados
590 _aBATCH-UPD
_b10
_c20130110
_lUCH01
_h0823
590 _aBATCH-UPD
_b10
_c20130410
_lUCH01
_h0501
590 _aBATCH-UPD
_b10
_c20130914
_lUCH01
_h1343
590 _aCONVERSION
_b10
_c20130109
_lUCH01
_h1332
650 1 4 _aFauna marina.
_939841
650 1 4 _aPeces
_xClasificación.
_986445
650 1 4 _aRecursos marinos.
700 0 _aFischer, W.
_941075
700 0 _aKrupp, F.
_963992
700 0 _aSommer, C.
_9108549
810 0 _aFAO
830 0 _aGuía para la identificación de especies para los fines de la pesca
_v; 1
_951494
901 _aBK
942 _cLIBRO
949 _a639.309688 F3Y v.1
_bBC
_cFAO
_d33724000662680
_eFAO1
_fPte.3
_h89900
_i64643
_kDonaciØn
_sb
949 _a639.309688 F3Y v.1
_bBC
_cFAO
_d33724000662698
_eFAO1
_fPte.1
_h89898
_i64643
_kDonaciØn
_st
949 _a639.309688 F3Y v.1
_bBC
_cFAO
_d33724000662706
_eFAO1
_fPte.2
_h89899
_i64643
_kDonaciØn
_sb
999 _c59509
_d59509